| 000 | 00354nam a22001577a 4500 | ||
|---|---|---|---|
| 003 | OSt | ||
| 008 | 240411b |||||||| |||| 00| 0 eng d | ||
| 020 | _a9789387284319 | ||
| 082 | _a005.8 BEH | ||
| 100 | _aBEHERA,Soumya Ranjan | ||
| 245 | _aHacking Exposed | ||
| 250 | _a1st Ed | ||
| 260 |
_aNew Delhi _bBPB _c2024 |
||
| 300 | _a191 | ||
| 942 |
_2ddc _cREF |
||
| 999 |
_c12448 _d12448 |
||